000
00307pam a2200133 a 4500
020
_c
041
_h
082
_a
750.06
_b
HUM
100
_a
Dani Humberstone.
245
_a
How to paint Abstacts
_h
Textual Documents
260
_a
[s.l]:
_b
Search Press,
_c
2009.
300
_a
64:
_b
paper.
930
_a
7971
999
_c
241761
_d
241761